In Rainbows Tracklist By Streams - Statistics

General Stats
  • This quiz has been taken 20 times
  • The average score is 9 of 10
Answer Stats
# Streams Answer % Correct
1 309,815,351 Jigsaw Falling Into Place
100%
2 288,275,131 Weird Fishes / Arpeggi
100%
3 268,733,835 All I Need
93%
7 107,493,839 15 Step
87%
4 197,094,966 Nude
87%
6 119,878,047 Reckoner
87%
8 84,000,815 Bodysnatchers
80%
10 51,454,167 Faust Arp
80%
5 121,418,636 House Of Cards
80%
9 59,236,301 Videotape
73%
No matching quizzes found
Score Distribution
Percent of People with Each Score
Percentile by Number Answered
Your Score History
You have not taken this quiz